LEADER 00940naa a2200217 u 4500 001 000000093360 003 CaOOAMICUS 005 20070226130133.0 008 010703m19361937fr u000 u fre u 035 $a10895225 040 $aPUL(R)$bita 100 1 $aMoresco, Emanuel,$d1869-$0(OLS)http://pul/name/60087 245 14$aLes rapports de droit public entre la métropole et les colonies, dominions et autres territoire d'outre-mer /$cpar E. Moresco. 260 $a[S. l. :$bs. n.],$c1935-1936. 300 $aP. [507-593] 504 $aBibliografia in nota. 650 4$aDiritto internazionale pubblico.$0(OLS)http://pul/subject/13984 773 0 $tRecueil des cours$gv.I (1936) 773 0 $tRecueil des cours 1936$w()59608 996 $6245$aLes rapports de droit public entre la métropole et les colonies, dominions et autres territoire d'outre-mer$9(OLS)http://pul/title/120231 996 $6260$a[S. l. :$bs. n.]$9(OLS)http://pul/publisher/47882 LEADER 01730nam a2200325 u 4500 001 000000053390 003 CaOOAMICUS 005 20070226115545.0 008 001115s1999 it u000 u eng u 035 $a10861256 040 $aPUL$bita 100 1 $aNyoni, Ferdinand.$0(OLS)http://pul/name/38009 245 10$aAnnouncing the God of Jesus Christ in the cultural context of the Ngoni people :$bpastoral analysis, evaluation and orientations for an inculturated evangelization in Tanzania /$cFerdinand Nyoni. 260 $aRoma :$b[s.n.],$c1999. 300 $a143 p. ;$c24 cm 490 1 $aUniversità pontificia salesiana. Facoltà di teologia. Tesi di dottorato ;$vn. 418 500 $aEstratto di Diss. -- Pontificia Università salesiana. 504 $a"Bibliography": p. [101]-135. 650 4$aEvangelizzazione$zTanzania.$0(OLS)http://pul/subject/22065 710 2 $aPontificia Università Salesiana.$0(OLS)http://pul/name/7805 830 0$aTesi di dottorato (Pontificia Università salesiana. Facoltà di teologia) ;$vn. 418.$0(OLS)http://pul/title/71612 850 $aPUL 852 $aPUL$W1$xDP1 Tesi Pon. Univ. Salesiana$y46$mTH SAL 418$j70456$nBK-PRI$b $qTesi$B70456$CPULBib$Z2$F70456 $H $81 910 $aPontificio Ateneo Salesiano$97805 910 $aPontificio Ateneo Salesiano$97805 910 $aUniversità Pontificia Salesiana$97805 941 1 $a16 961 $aINV: 82734 996 $6245$aAnnouncing the God of Jesus Christ in the cultural context of the Ngoni people :$bpastoral analysis, evaluation and orientations for an inculturated evangelization in Tanzania$9(OLS)http://pul/title/71630 996 $6260$aRoma :$b[s.n.]$9(OLS)http://pul/publisher/47958